<?xml version="1.0" encoding="UTF-8"?>
<record
    xmlns:xsi="http://www.w3.org/2001/XMLSchema-instance"
    xsi:schemaLocation="http://www.loc.gov/MARC21/slim http://www.loc.gov/standards/marcxml/schema/MARC21slim.xsd"
    xmlns="http://www.loc.gov/MARC21/slim">

  <leader>00899nam2a22002291  4500</leader>
  <controlfield tag="001">RU\NLR\A1SV\82363</controlfield>
  <controlfield tag="005">20251203152403.2</controlfield>
  <datafield tag="035" ind1=" " ind2=" ">
    <subfield code="a">(NLR Aleph) 009763789</subfield>
  </datafield>
  <datafield tag="090" ind1=" " ind2=" ">
    <subfield code="a">13483544</subfield>
    <subfield code="c">13483544</subfield>
  </datafield>
  <datafield tag="100" ind1=" " ind2=" ">
    <subfield code="a">20070921d1918    u  y0rusy50      ca</subfield>
  </datafield>
  <datafield tag="101" ind1="0" ind2=" ">
    <subfield code="a">rus</subfield>
  </datafield>
  <datafield tag="200" ind1="1" ind2=" ">
    <subfield code="a">&#x422;&#x430;&#x439;&#x43D;&#x430;</subfield>
    <subfield code="f">&#x41F;&#x435;&#x440;. &#x411;.&#x41F;&#x435;&#x433;&#x435;&#x43B;&#x430;&#x443;</subfield>
    <subfield code="a">&#x423;&#x449;&#x435;&#x43B;&#x44C;&#x435; &#x437;&#x43E;&#x43B;&#x43E;&#x442;&#x430;</subfield>
    <subfield code="f">&#x41F;&#x435;&#x440;. &#x424;.&#x414;.</subfield>
  </datafield>
  <datafield tag="215" ind1=" " ind2=" ">
    <subfield code="a">32 &#x441;.</subfield>
    <subfield code="c">&#x438;&#x43B;.</subfield>
  </datafield>
  <datafield tag="461" ind1=" " ind2="1">
    <subfield code="1">001RU\NLR\A1SV\82362</subfield>
    <subfield code="1">2000#$a&#x41F;&#x43E;&#x432;&#x435;&#x441;&#x442;&#x438; &#x438; &#x440;&#x430;&#x441;&#x441;&#x43A;&#x430;&#x437;&#x44B;$f&#x414;&#x436;&#x435;&#x43A; &#x41B;&#x43E;&#x43D;&#x434;&#x43E;&#x43D;$v&#x422;.1</subfield>
    <subfield code="1">700#1$a&#x41B;&#x43E;&#x43D;&#x434;&#x43E;&#x43D;$b&#x414;.$f1876-1916$g&#x414;&#x436;&#x435;&#x43A;$3RU\NLR\AUTH\777462</subfield>
    <subfield code="9">10029171</subfield>
    <subfield code="a">&#x41B;&#x43E;&#x43D;&#x434;&#x43E;&#x43D;, &#x414;. (1876-1916)</subfield>
    <subfield code="c">&#x41C;.</subfield>
    <subfield code="d">1918</subfield>
    <subfield code="f">&#x414;&#x436;&#x435;&#x43A; &#x41B;&#x43E;&#x43D;&#x434;&#x43E;&#x43D;</subfield>
    <subfield code="n">&#x422;&#x438;&#x43F;&#x43E;&#x43B;&#x438;&#x442;. "&#x41F;&#x435;&#x447;&#x430;&#x442;&#x43D;&#x438;&#x43A;"</subfield>
    <subfield code="t">&#x41F;&#x43E;&#x432;&#x435;&#x441;&#x442;&#x438; &#x438; &#x440;&#x430;&#x441;&#x441;&#x43A;&#x430;&#x437;&#x44B;</subfield>
    <subfield code="v">&#x422;.1</subfield>
  </datafield>
  <datafield tag="702" ind1=" " ind2="1">
    <subfield code="a">&#x41F;&#x435;&#x433;&#x435;&#x43B;&#x430;&#x443;</subfield>
    <subfield code="b">&#x411;.</subfield>
  </datafield>
  <datafield tag="702" ind1=" " ind2="0">
    <subfield code="a">&#x424;.&#x414;.</subfield>
  </datafield>
  <datafield tag="801" ind1=" " ind2="0">
    <subfield code="a">RU</subfield>
    <subfield code="b">NLR</subfield>
    <subfield code="c">20070921</subfield>
  </datafield>
  <datafield tag="852" ind1=" " ind2=" ">
    <subfield code="a">NLR</subfield>
    <subfield code="j">37.77.8.1196</subfield>
  </datafield>
  <datafield tag="942" ind1=" " ind2=" ">
    <subfield code="c">BOOK</subfield>
  </datafield>
  <datafield tag="980" ind1=" " ind2=" ">
    <subfield code="a">A1SV</subfield>
  </datafield>
  <datafield tag="980" ind1=" " ind2=" ">
    <subfield code="a">NB</subfield>
  </datafield>
</record>
